Fr. Conceicao Rodrigues College of Engineering

Research methodology: A step by step guide for beginners (Record no. 30721)

MARC details
000 -LEADER
fixed length control field 00379nam a2200169Ia 4500
082 ## - DEWEY DECIMAL CLASSIFICATION NUMBER
Item number KUM
100 ## - MAIN ENTRY--PERSONAL NAME
Personal name Kumar/Ranjit
245 ## - TITLE STATEMENT
Title Research methodology: A step by step guide for beginners
260 ## - PUBLICATION, DISTRIBUTION, ETC.
Name of publisher, distributor, etc. sage
Date of publication, distribution, etc. 2014
366 ## - TRADE AVAILABILITY INFORMATION
Publishers's discount category 25
300 ## - PHYSICAL DESCRIPTION
Extent 399
546 ## - LANGUAGE NOTE
Language note ENGLISH
650 ## - SUBJECT ADDED ENTRY--TOPICAL TERM
Topical term or geographic name entry element Research methodology
654 ## - SUBJECT ADDED ENTRY--FACETED TOPICAL TERMS
Focus term research methodology
942 ## - ADDED ENTRY ELEMENTS (KOHA)
Koha item type BOOK
Holdings
Withdrawn status Lost status Damaged status Not for loan Collection Home library Current library Date acquired Source of acquisition Cost, normal purchase price Inventory number Total Checkouts Full call number Barcode Date last seen Date last checked out Cost, replacement price Price effective from Koha item type
        CRC Fr. Agnel's C.Rodrigues College of Engineering Fr. Agnel's C.Rodrigues College of Engineering 17/03/2023 Allied Publishers 412.50 790 dt 30.03.2019 1 KUM 25622 16/03/2024 20/02/2024 550.00   BOOK